|
|
|
|
| LEADER |
00000nam a22000007a 4500 |
| 005 |
20170408001413.0 |
| 007 |
cr|||| |||| |
| 008 |
170408s2017 mx |||||s|||| 00||0 spa d |
| 035 |
|
|
|a 20253
|
| 040 |
|
|
|a vLex
|
| 090 |
|
|
|c 6642
|d 6642
|
| 100 |
1 |
|
|a Gm̤ez de Lara, Fernado
|
| 245 |
1 |
2 |
|a La Contratacin̤ de Bienes, Arrendamientos y Servicios en la Administracin̤ Pb︢lica Federal
|h [Recurso electrn̤ico] /
|c Fernado Gm̤ez de Lara
|
| 256 |
|
|
|a Servicio en ln̕ea
|
| 260 |
|
|
|a Barcelona:
|b Editorial vLex,
|c 2017
|
| 300 |
|
|
|a 1 recurso electrn̤ico
|
| 500 |
|
|
|a Un anl̀isis sobre los contratos administrativos y sus implicaciones jurd̕icas de conformidad con la Ley de Adquisiciones, Arrendamientos y Servicios del Sector Pb︢lico.
|
| 506 |
1 |
|
|a Disponible solo en los productos indicados
|d vLex Global
|d vLex Global (Academic Edition, excluding Law Schools)
|d vLex Global (U.S. Academic Edition, Law Schools)
|d vLex Global (U.S. Academic Edition, excluding Law Schools)
|d vLex Global (Academic Edition, Law Schools)
|
| 650 |
0 |
4 |
|a Derecho Pb︢lico y Administrativo
|z Mx̌ico
|
| 740 |
0 |
|
|a vLex Libros (Servicio en ln̕ea)
|
| 856 |
4 |
0 |
|u http://vlex.com/source/contratacion-bienes-arrendamientos-servicios-administracion-publica-federal-20253
|z Acceso restringido
|
| 942 |
|
|
|c BOOK
|
| 999 |
0 |
|
|a Public and Administrative Law
|